| 000 | 00524ntaaa2200205 4500 | ||
|---|---|---|---|
| 003 | 01 | ||
| 005 | 20251027202131.0 | ||
| 008 | 0714s1973 ag 01 | ||
| 040 |
_aAR-BaBN _bspa _cAR-BaBN _eaacr _dRIC |
||
| 082 | _a261.8730 B98 | ||
| 100 |
_aButlerfield, Herbert _919840 |
||
| 245 | _aChristianity, diplomacy and war | ||
| 250 | _a1 ed. | ||
| 260 |
_aLondon : _bEpworth Press, _cc1962 |
||
| 300 | _a128 p | ||
| 500 | _aCristianismo y la paz y guerra | ||
| 650 |
_apaz-guerra _918578 |
||
| 650 | _aguerra-paz | ||
| 942 | _cBK | ||
| 999 |
_c16275 _d16275 |
||